Statistics for General Knowledge Quiz #91

Click here to take the quiz!

General Stats

  • This quiz has been taken 88,089 times
    (55,865 since last reset)
  • The average score is 11 of 20

Answer Stats

QuestionAnswer% Correct
In what country are German, French, and Italian all official languages?Switzerland
85%
What "wonder drug" was discovered by Alexander Fleming?Penicillin
77%
What plant is used to make opium?Poppy
75%
What is Japan's national sport?Sumo wrestling
67%
What is the name of the pirate flag?Jolly Roger
66%
What actress was on the cover of the first issue of Playboy?Marilyn Monroe
65%
If you cross the river Styx, where are you?Hades
63%
What country heats most of its buildings with geothermal energy?Iceland
60%
In what religion can you use an e-meter to get "clear" and eventually
become an Operating Thetan?
Scientology
57%
Who directed "Beetlejuice" and "Edward Scissorhands"?Tim Burton
53%
Who painted "The Old Guitarist" during his blue period?Pablo Picasso
52%
In musical terms, what is the opposite of forte?Piano
48%
In painting, what type of animal is typically used to represent the Holy Ghost?Dove
47%
Who did Delilah betray?Samson
46%
On what river's west bank would you find the West Bank?River Jordan
43%
What Frankish king was crowned "Emperor of the Romans" on Christmas in 800 AD?
Charlemagne
40%
What country contains the peninsula of Attica?Greece
38%
Who lived by the sea in a land called Honah Lee?Puff the Magic Dragon
35%
What city hosted the 2010 Winter Olympics?Vancouver
35%
Who was the most notorious member of the Ba'ath party?Saddam Hussein
28%

Score Distribution

Percentile by Number Answered

Percent of People with Each Score

Your Score History

You have not taken this quiz since the last reset